000 00637nam a2200193Ia 4500
999 _c9382
_d9382
003 GCL
005 20240530095653.0
008 140319s9999 xx 000 0 ara d
020 _a5043399977
040 _aGCL /
_cGCL
082 0 4 _a748.50282
_bم ف
100 1 _aممدوح شعت
245 1 0 _aفن الرسم على الزجاج بين الهواية والاحتراف /
_cممدوح شعت
260 _aالقاهرة :
_bأطلس للنشر والانتاج الاعلامى ،
_c2006
300 _a80 ص ؛
_c30 سم
650 0 4 _aالرسم بالالوان
650 0 4 _aالرسم على الزجاج
942 _2ddc
_cBK